| 000 | 00821cam a22002291ia4500 | ||
|---|---|---|---|
| 003 | SA-RiAUC | ||
| 005 | 20241202144037.0 | ||
| 008 | 241202s1985 su g 00000 ara c | ||
| 040 |
_aSA-MaUQU _bara _cSA-RiAUC _erda |
||
| 082 | 0 | 4 |
_a251 _qSA-RiAUC |
| 090 |
_a251 _b ز هـ ي |
||
| 100 | 1 |
_aزهير، محمد أبو النور _eمؤلف. |
|
| 245 | 1 | 0 |
_aأصول الفقه / _cتأليف محمد أبو النور زهير. |
| 264 | 1 |
_aمكة المكرمة : _bالمكتبة الفيصلية، _c1985 |
|
| 300 |
_a4 مجلد في 2 ؛ _c24 سم |
||
| 336 |
_aنص _btxt _2rdacontent _3كتاب |
||
| 337 |
_aبدون وسيط _bn _2rdamedia |
||
| 338 |
_aمجلد _bnc _2rdacarrier |
||
| 650 | 7 |
_aأصول الفقه الإسلامي _2aucsh |
|
| 942 |
_2ddc _cBOOK _n0 |
||
| 949 |
_aSA-JeALM _d241202 _uosman123 _n1 |
||
| 999 |
_c2960 _d2960 |
||